ბათუმის შოთა რუსთაველის სახელმწიფო უნივერსიტეტის ბიბლიოთეკა

Машины и аппараты химических производств.Примеры и задачи. (ბიბ.ჩანაწერი № 37016)

000 -LEADER
fixed length control field 00777nam a2200217Ia 4500
001 - CONTROL NUMBER
control field 2969
003 - CONTROL NUMBER IDENTIFIER
control field GE_BSU
008 - FIXED-LENGTH DATA ELEMENTS--GENERAL INFORMATION
fixed length control field 181216s||||||||xx |||||||||||||| ||und||
040 ## - CATALOGING SOURCE
Transcribing agency GE_BSU
080 ## - UNIVERSAL DECIMAL CLASSIFICATION NUMBER
Universal Decimal Classification number 66.038(078.8)
100 ## - MAIN ENTRY--PERSONAL NAME
Personal name Доманский,И.В. Исаков,В.П. Островский,Г.М. и др.
245 ## - TITLE STATEMENT
Title Машины и аппараты химических производств.Примеры и задачи.
245 ## - TITLE STATEMENT
Remainder of title Учебное пособие.
245 ## - TITLE STATEMENT
Statement of responsibility, etc. Под.Общ.Ред.В.П.Соколова.
260 ## - PUBLICATION, DISTRIBUTION, ETC.
Place of publication, distribution, etc. Л.
260 ## - PUBLICATION, DISTRIBUTION, ETC.
Name of publisher, distributor, etc. Машиностроение.
260 ## - PUBLICATION, DISTRIBUTION, ETC.
Date of publication, distribution, etc. 1982.
300 ## - PHYSICAL DESCRIPTION
Extent 384 стр.с илл. 22 см.
653 ## - INDEX TERM--UNCONTROLLED
Uncontrolled term Машины и аппараты химических производств.
942 ## - ADDED ENTRY ELEMENTS (KOHA)
Koha item type წიგნი
ეგზემპლარები
Withdrawn status Lost status Damaged status Not for loan Date acquired Barcode Date last seen Price effective from Koha item type
        2018-12-17 9603 2018-12-17 2018-12-17 წიგნი
        2018-12-17 9604 2018-12-17 2018-12-17 წიგნი